Александра Колонтай (Запис номер 12352)
[ съкратено ]
| 000 -Лидер | |
|---|---|
| Контролно поле с фиксирана дължина | 01612nam a2200385 c 4500 |
| 003 - Код на организацията, давaща контролен номер | |
| Контролно поле | BLK |
| 005 - Дата и час на последна редакция | |
| Контролно поле | 20180420214739.0 |
| 008 - Елементи от данни с фиксирана дължина | |
| fixed length control field | 180412b bul|||||r ||||||| ||bul|| |
| 010 ## - Наследен системен номер | |
| LC control number | KNG00013944000 |
| 020 ## - Международен стандартен номер на книга ISBN | |
| Международен стандартен номер на книга ISBN | 954-8575-12-4 |
| -- | издат.: Нов ден |
| 040 ## - Източник на каталожния запис | |
| Идентификатор на билиотеката - собственик на записа | BLK |
| 041 ## - Код за език | |
| Код за езика на текст/звукозапис или на отделно заглавие | Български |
| Код за езика КДБФ | Български |
| 080 ## - УДК | |
| Текстов определител УДК | История на Русия и СССР. Вж и 936 ; 957 |
| УДК код - определител по УДК | 94(470) |
| УДК определител | (092) |
| УДК - код + определител | 94(470)(092) |
| 080 ## - УДК | |
| Текстов определител УДК | Съветска дипломатка |
| УДК код - определител по УДК | 929 Колонтай, Александра |
| УДК определител | |
| УДК - код + определител | 929 Колонтай, Александра |
| 080 ## - УДК | |
| Текстов определител УДК | Руска литература |
| УДК код - определител по УДК | 821.161.1 |
| УДК определител | -94 |
| УДК - код + определител | 821.161.1-94 |
| 100 1# - Редна дума - Автор | |
| Автор | Ицелев, Леонид |
| Авторска отговорност | първи автор |
| R(LIN) | 73243 |
| 139 ## - Редно поле | |
| Редна дума | Ицелев, Леонид |
| Авторски знак | Коло - К 79 |
| 245 10 - Сведения за заглавието | |
| Заглавие | Александра Колонтай |
| Подзаглавни данни | Дипломат, феминистка и... любовница |
| Редно поле (дума) | Леонид Ицелев; прев. от рус. Йорданка Цонева. |
| 257 ## - Страна на издаване | |
| Страна на създаване/издаване | Русия |
| 260 ## - Област на издателските данни | |
| -- | София |
| Име на издателя, разпространителя и проч. | Нов ден |
| Година на издаване | 1996 |
| 300 ## - Физическа характеристика | |
| Страници | 268 с. |
| Размери/Мащаб | 21 см |
| 380 ## - Жанр | |
| Жанр | Обществени науки |
| 490 1# - СЕРИИ (Колекции) | |
| Име на серия | Библиотека Нов ден |
| №: серия | 13 |
| 500 ## - Общи забележки | |
| Забележка | Без сведение за ориг. загл. - 300 тир. |
| 600 14 - Име на лице, използвано като предмет | |
| За него / За нея | Колонтай, Александра |
| 9 (RLIN) | 221836 |
| 650 #4 - Допълнително описание по предмет – тема | |
| Основно описание – тема или топоним | Дипломати, съветски |
| 9 (RLIN) | 257458 |
| 653 ## - Ключова дума – ненормативна | |
| Ключова дума | дипломати |
| 653 ## - Ключова дума – ненормативна | |
| Ключова дума | история |
| 700 1# - Други автори (авторска отговорност) | |
| Лично име | Цонева, Йорданка |
| Автороска отговорност (Описва отношението между автора и произведението) | прев. от рус. |
| 9 (RLIN) | 257457 |
| 852 ## - Местоположение | |
| Форматна сигнатура | Цб 190204 |
| 856 4# - Електронен адрес и достъп | |
| Електронен формат | pdf - файл |
| Път до файла /url/ | |
| 856 4# - Електронен адрес и достъп | |
| Електронен формат | pdf - файл |
| Път до файла /url/ | |
| 942 ## - АРТИКУЛИ | |
| Вид на библиотечния материал | Книги |
| Скрит в OPAC | Не |
| 944 ## - СЪЗДАВАНЕ И РЕДАКЦИЯ на ЗАПИСА | |
| Създаване/Редакция | Създаване |
| Дата на регистрацията/редакция | 14.03.2003 |
| Служител, извършил регистрацията/редакцията | AB_DOS |
| 944 ## - СЪЗДАВАНЕ И РЕДАКЦИЯ на ЗАПИСА | |
| Създаване/Редакция | Редакция |
| Дата на регистрацията/редакция | 19.02.2018 |
| Служител, извършил регистрацията/редакцията | Теодора_Стоянова |
| 999 ## - СИСТЕМНИ КОНТРОЛНИ НОМЕРА | |
| Koha biblionumber | 12352 |
| Koha biblioitemnumber | 12352 |
| Код за отписване | Код за изгубен артикул | Източник на класификационната схема | Код за повреда | Коз за рестрикции | Код за отдаване | Артикулен № | Име на библиотеката - собственик | Име на библиотеката, в която се намира в момента | Статус (Текущо местоположение) | Дата на вписване в системата | Местоположение - отдел | Цена в лева | Инвентарен номер | Систематично азбучна сигнатура | Баркод | Номер на екземпляра | Цена в евро | Служебна бележка | Служебен тип на артикула |
|---|---|---|---|---|---|---|---|---|---|---|---|---|---|---|---|---|---|---|---|
| Изтеглен | Не е изгубен | Universal Decimal Classification | Не е повреден | без рестрикции | заемане за дома | 21353 | Регионална библиотека "Любен Каравелов" Русе | Регионална библиотека "Любен Каравелов" Русе | Заемна - подръчен фонд | 2001-01-01 | Заемна - подръчен фонд | 1.20 | 625376 | П 947(092)/К 79 | 625376 | 1 | 0.61 | Дата инв: 19.02.2018 Бележки инв: П2018 | Книги |
| Изтеглен | Не е изгубен | Universal Decimal Classification | Не е повреден | без рестрикции | заемане за дома | 21354 | Регионална библиотека "Любен Каравелов" Русе | Регионална библиотека "Любен Каравелов" Русе | Заемна - подръчен фонд | 2001-01-01 | Заемна - подръчен фонд | 1.20 | 625377 | 94(47)/К 79 А | 625377 | 2 | 0.61 | Дата инв: 19.02.2018 Бележки инв: П2018 | Книги |
| Не е изгубен | Universal Decimal Classification | Не е повреден | без рестрикции | ползва се в читалня | 21355 | Регионална библиотека "Любен Каравелов" Русе | Регионална библиотека "Любен Каравелов" Русе | Хранилище | 2001-01-01 | Хранилище | 1.20 | 626506 | Цб 190204 | 120000626506 | 3 | 0.61 | Книги |